000 00229nam a22000857a 4500
008 161111b xxu||||| |||| 00| 0 eng d
100 _91148
_abalasubramaniyan.k
245 _amangu`s top
260 _anew delhi
_bnational book trust
_c2007
999 _c3808
_d3808